000 00313nam a2200133Ia 4500
008 240624s9999 xx 000 0 und d
041 _aeng
082 _a778.71 ANG
100 _aANG TOM
245 _aHOW TO PHOTOGRAPH ABSOLUTELY EVERYTHING
260 _c2009
_bPenguin
300 _a384 : p.
365 _cRS
_b30
999 _c26987
_d26987